[Event "AUT-chT 9697"]
[Site "Vorarlberg"]
[Date "1997.??.??"]
[Round "?"]
[White "Tinkhauser, Heinz"]
[Black "Haemmerle, Gernot"]
[Result "1/2-1/2"]
[WhiteElo "1660"]
[BlackElo "1840"]
[PlyCount "44"]
[EventDate "1996.??.??"]
[EventType "team-tourn"]
[EventRounds "9"]
[EventCountry "AUT"]
[SourceTitle "EXT 1999"]
[Source "ChessBase"]
[SourceDate "1998.11.16"]
[SourceVersion "1"]
[SourceVersionDate "1998.11.16"]
[SourceQuality "1"]

1. e4 c5 2. d3 Nc6 3. g3 e6 4. f4 Nf6 5. Bg2 d6 6. Nc3 Be7 7. Nf3 0-0 8. 0-0 a6 9. Qe1 Qc7 10. h3 b5 11. Nd1 Bb7 12. c3 Rad8 13. Bd2 e5 14. f5 d5 15. Nf2 dxe4 16. dxe4 c4 17. Rd1 Rd7 18. Qe2 Rfd8 19. Be3 Rxd1 20. Rxd1 Rxd1+ 21. Qxd1 Qd6 22. Qe2 Nd7 1/2-1/2